| 000 | 00575nam a2200229Ia 4500 | ||
|---|---|---|---|
| 008 | 170712s9999 xx 000 0 und d | ||
| 020 | _a9789710112210 | ||
| 050 | _a649 | ||
| 050 | _bF268 2010 | ||
| 100 | _aFausto, Rose Fres | ||
| 245 | _aRaising Pinoy boys / | ||
| 245 | _cby Rose Fres-Fausto ; foreword by Honey Carandang. | ||
| 260 | _aPhilippines : | ||
| 260 | _bCentral Books | ||
| 260 | _c2010 | ||
| 300 | _a183 pages : | ||
| 300 | _billustrations ; | ||
| 300 | _c22cm. | ||
| 650 | _aCarandang, Honey. | ||
| 650 | _aChild rearing. | ||
| 650 | _xTitle. | ||
| 999 |
_c340439 _d340439 |
||